000 00895nam a2200277 i 4500
001 6381
003 ES-MaACL
005 20231103062524.0
007 t|
008 891009s1988 fr ||||1| fre d
020 _a2-262-00539-7
080 _a9(44)"1789/1799"
080 _a9(73)"1775/1809"
080 _a323.272(44)"1789/1799"
080 _a323.272(73)"1775/1809"
100 1 _aGusdorf, Georges.
_961014
245 1 4 _aLes Revolutions de France et d'Amerique
_b: la violence et la sagesse /
_cGeorges Gusdorf.
260 _aParis :
_bPerrin,
_c1988.
300 _a253 p. ;
_c23 cm.
490 1 _aPasse simple
651 4 _aFrancia-
_xHistoria-
_y1789-1799, Revolución
_98685
651 4 _aEstados Unidos-
_xHistoria-
_y1789-1809, Período constitucional.
_98543
830 0 _aPasse simple
_9227801
852 _aES-MaACL
_jL-13551
_bR.117158
_z. - rust.
999 _c6381
_d6381